Statistics for Boy names that start with B

Click here to take the quiz!

General Stats

  • This quiz has been taken 47 times
  • The average score is 13 of 50

Answer Stats

Answer% Correct
Ben
89%
Benjamin
81%
Bill
81%
Brad
76%
Billie
68%
Billy
68%
Brandon
62%
Brian
59%
Bradley
57%
Bart
54%
Benny
49%
Bruce
49%
Bert
38%
Blake
38%
Bryan
38%
Boris
35%
Brendan
30%
Brent
30%
Bernard
27%
Bernie
27%
Bryce
27%
Baxter
16%
Brayden
16%
Brock
16%
Barney
14%
Benedict
14%
Benji
14%
Brody
14%
Bryson
14%
Baron
11%
Bram
8%
Bertram
5%
Biff
5%
Brandy
5%
Brutus
5%
Buck
5%
Byron
5%
Bernardino
3%
Bradford
3%
Bryant
3%
Bucky
3%
Buford
3%
Baljeet
0%
Banner
0%
Beto
0%
Book em, Booker!
0%
Booker
0%
Brayton
0%
Buckley
0%
Burnett
0%

Score Distribution

Percentile by Number Answered

Percent of People with Each Score

Your Score History

You have not taken this quiz